000 00305nam a22001337a 4500
082 _a823
_bABR/S
100 _aNARI, ABRAR
100 _aWARR, R P
245 _aSLEEPING BEAUTY AND OTHER STORIES
260 _aCHENNAI
_bSEASON'S PUBLISHING
300 _a128
650 _aENGLISH STORY
_zINDIA
942 _cBK
999 _c7418
_d7418